STORED GRAIN PESTS AND THEIR MANAGEMENT (Record no. 8055)

MARC details
000 -LEADER
fixed length control field 00463nam a22001817a 4500
005 - DATE AND TIME OF LATEST TRANSACTION
control field 20230109100609.0
008 - FIXED-LENGTH DATA ELEMENTS--GENERAL INFORMATION
fixed length control field 221216b |||||||| |||| 00| 0 eng d
020 ## - INTERNATIONAL STANDARD BOOK NUMBER
ISBN 978-81-272-6740-7
041 ## - LANGUAGE CODE
Language code of text/sound track or separate title eng
082 ## - DEWEY DECIMAL CLASSIFICATION NUMBER
Classification number 631.58-KHA-S
100 ## - MAIN ENTRY--AUTHOR NAME
Personal name KHARE , S.P
245 ## - TITLE STATEMENT
Title STORED GRAIN PESTS AND THEIR MANAGEMENT
250 ## - EDITION STATEMENT
Edition statement 1st ed.
260 ## - PUBLICATION, DISTRIBUTION, ETC. (IMPRINT)
Place of publication LUDHIANA
Name of publisher KALYANI PUBLISHERS
Year of publication 2019
300 ## - PHYSICAL DESCRIPTION
Number of Pages 262;P.
650 ## - SUBJECT ADDED ENTRY--TOPICAL TERM
Topical Term AGRICULTURE
942 ## - ADDED ENTRY ELEMENTS (KOHA)
Koha item type Books
Holdings
Lost status Damaged status Collection code Home library Current library Shelving location Date acquired Source of acquisition Cost, normal purchase price Full call number Accession Number Koha item type
    Reference JRU Library JRU Library SHELF-2-A 18/10/2022 LOHIA BOOK INTERNATIONAL 250.00 631.58-KHA-S 26903 Books
    AGRICULTURE JRU Library JRU Library SHELF-45-H 18/10/2022 LOHIA BOOK INTERNATIONAL 250.00 631.58-KHA-S 26904 Books
    AGRICULTURE JRU Library JRU Library SHELF-45-H 18/10/2022 LOHIA BOOK INTERNATIONAL 250.00 631.58-KHA-S 26905 Books
    AGRICULTURE JRU Library JRU Library SHELF-45-H 18/10/2022 LOHIA BOOK INTERNATIONAL 250.00 631.58-KHA-S 26906 Books
    AGRICULTURE JRU Library JRU Library SHELF-45-H 18/10/2022 LOHIA BOOK INTERNATIONAL 250.00 631.58-KHA-S 26907 Books